[Event "Titled Tuesday intern op 01st Apr Early"]
[Site "Chess.com INT"]
[Date "2025.04.01"]
[Round "5"]
[White "Gorbenko, Rustem"]
[Black "Vu, Thi Dieu Uyen"]
[Result "0-1"]
[WhiteElo "2217"]
[BlackElo "1875"]
[PlyCount "108"]
[EventDate "2025.04.01"]
[EventType "swiss (blitz)"]
[EventRounds "11"]
[EventCountry "USA"]
[SourceTitle "CB15_2025"]
[SourceDate "2025.04.09"]
[SourceVersion "1"]
[SourceVersionDate "2025.04.09"]
[SourceQuality "1"]

1. d4 d5 2. c4 dxc4 3. Nf3 c5 4. e3 Nf6 5. Bxc4 e6 6. 0-0 cxd4 7. exd4 Nc6 8. Nc3 Bb4 9. Bg5 Bxc3 10. bxc3 0-0 11. Qe2 h6 12. Bh4 b6 13. Ne5 Bb7 14. Bxf6 Qxf6 15. Nd7 Qg5 16. f4 Qa5 17. Nxf8 Rxf8 18. Rac1 Ne7 19. Bd3 Rc8 20. c4 Rd8 21. d5 Qc5+ 22. Kh1 exd5 23. cxd5 Qd6 24. Bc4 Nf5 25. Rcd1 Qc5 26. Rf3 Nd4 27. Qd3 Nxf3 28. gxf3 Qd6 29. Qe4 a6 30. Bd3 Bxd5 31. Qh7+ Kf8 32. Be4 Qxf4 33. Rxd5 Rxd5 34. Bxd5 Qc1+ 35. Kg2 Qd2+ 36. Kg3 Qxd5 37. Qh8+ Ke7 38. Qxg7 Qxa2 39. Qxh6 Qe6 40. Qf4 Qd6 41. h4 Qxf4+ 42. Kxf4 Kf6 43. Kg4 a5 44. Kf4 a4 45. Ke4 b5 46. Kd4 b4 47. Kc4 b3 48. Kc3 Kg6 49. f4 Kh5 50. Kb2 Kxh4 51. Ka3 Kg4 52. Kxa4 b2 53. Kb3 b1Q+ 54. Kc4 Qf5 0-1

[Event "Titled Tuesday intern op 18th Mar Late"]
[Site "Chess.com INT"]
[Date "2025.03.18"]
[Round "9"]
[White "Garcia, Angie"]
[Black "Gorbenko, Rustem"]
[Result "1/2-1/2"]
[WhiteElo "1989"]
[BlackElo "2217"]
[PlyCount "124"]
[EventDate "2025.03.18"]
[EventType "swiss (blitz)"]
[EventRounds "11"]
[EventCountry "USA"]
[SourceTitle "CB13_2025"]
[SourceDate "2025.03.26"]
[SourceVersion "1"]
[SourceVersionDate "2025.03.26"]
[SourceQuality "1"]

1. e4 c5 2. Nf3 e6 3. c3 Nf6 4. e5 Nd5 5. d4 cxd4 6. cxd4 d6 7. Bc4 Nb6 8. Bb3 dxe5 9. dxe5 Qxd1+ 10. Bxd1 Nc6 11. 0-0 Be7 12. Nc3 0-0 13. Nb5 Bd7 14. Be3 Nxe5 15. Nxa7 Nxf3+ 16. Bxf3 Nc4 17. Bxb7 Nxe3 18. Bxa8 Nxf1 19. Bc6 Bxc6 20. Nxc6 Bf6 21. Kxf1 Bxb2 22. Rb1 Bf6 23. Rb8 Rxb8 24. Nxb8 Bc3 25. a4 Kf8 26. Nc6 Ke8 27. Ke2 Kd7 28. Kd3 Be1 29. Ne5+ Ke7 30. f3 f6 31. Nc4 Kd7 32. a5 Kc6 33. g3 Kb5 34. Nd6+ Kxa5 35. Ne8 Kb5 36. Nxg7 e5 37. Ke4 Kc6 38. Nh5 f5+ 39. Kxf5 Kd5 40. Nf6+ Kd4 41. Ne4 Ba5 42. Kg5 Bc7 43. Kg4 Ke3 44. h4 h5+ 45. Kxh5 Kxf3 46. Nf6 Kxg3 47. Kg5 Bd8 48. h5 Bxf6+ 49. Kxf6 e4 50. h6 e3 51. h7 e2 52. h8Q e1Q 53. Qg8+ Kf2 54. Qf7 Qe2 55. Kg7+ Kg2 56. Qg6+ Kf1 57. Qf6+ Ke1 58. Qc3+ Kd1 59. Qb3+ Kd2 60. Qb4+ Kd3 61. Qb5+ Kd2 62. Qxe2+ Kxe2 1/2-1/2

[Event "Titled Tuesday intern op 11th Mar Late"]
[Site "Chess.com INT"]
[Date "2025.03.11"]
[Round "7"]
[White "Gorbenko, Rustem"]
[Black "Tamarozi, Isabelle"]
[Result "1-0"]
[WhiteElo "2217"]
[BlackElo "1994"]
[PlyCount "43"]
[EventDate "2025.03.11"]
[EventType "swiss (blitz)"]
[EventRounds "11"]
[EventCountry "USA"]
[SourceTitle "CB12_2025"]
[SourceDate "2025.03.19"]
[SourceVersion "1"]
[SourceVersionDate "2025.03.19"]
[SourceQuality "1"]

1. d4 d5 2. c4 e6 3. Nc3 c5 4. cxd5 exd5 5. Nf3 Nf6 6. Bg5 Be6 7. g3 Nbd7 8. Bg2 Be7 9. dxc5 Nxc5 10. 0-0 0-0 11. Nd4 h6 12. Bxf6 Bxf6 13. Nxe6 fxe6 14. e3 Qa5 15. Rc1 Rad8 16. a3 Bxc3 17. Rxc3 Ne4 18. Bxe4 dxe4 19. Qb3 Qf5 20. Rc7 Rd2 21. Qc3 Qf6 22. Qxd2 1-0

[Event "Titled Tuesday intern op 11th Mar Late"]
[Site "Chess.com INT"]
[Date "2025.03.11"]
[Round "10"]
[White "Thorhallsson, Simon"]
[Black "Gorbenko, Rustem"]
[Result "1-0"]
[WhiteElo "2232"]
[BlackElo "2217"]
[PlyCount "65"]
[EventDate "2025.03.11"]
[EventType "swiss (blitz)"]
[EventRounds "11"]
[EventCountry "USA"]
[SourceTitle "CB12_2025"]
[SourceDate "2025.03.19"]
[SourceVersion "1"]
[SourceVersionDate "2025.03.19"]
[SourceQuality "1"]

1. d4 e6 2. e4 d5 3. Nc3 Bb4 4. e5 c5 5. a3 Bxc3+ 6. bxc3 Qa5 7. Bd2 Qa4 8. Nf3 b6 9. Rb1 Ba6 10. Bxa6 Qxa6 11. h4 Nc6 12. h5 h6 13. Rh4 c4 14. Rg4 Rh7 15. Nh4 0-0-0 16. Qf3 Rf8 17. Qg3 f5 18. Rxg7 f4 19. Qg6 Rxg7 20. Qxg7 Re8 21. Bxf4 Qxa3 22. Bd2 Qf8 23. Qxf8 Rxf8 24. Ng6 Rf5 25. g4 Rf3 26. Ke2 Rh3 27. Rg1 a5 28. Nf4 Rh2 29. Kf3 b5 30. Kg3 Rxf2 31. Kxf2 b4 32. Rb1 Nge7 33. Nxe6 1-0

[Event "Titled Tuesday intern op 11th Mar Late"]
[Site "Chess.com INT"]
[Date "2025.03.11"]
[Round "9"]
[White "Vila Dupla, Aurelio"]
[Black "Gorbenko, Rustem"]
[Result "0-1"]
[WhiteElo "2056"]
[BlackElo "2217"]
[PlyCount "48"]
[EventDate "2025.03.11"]
[EventType "swiss (blitz)"]
[EventRounds "11"]
[EventCountry "USA"]
[SourceTitle "CB12_2025"]
[SourceDate "2025.03.19"]
[SourceVersion "1"]
[SourceVersionDate "2025.03.19"]
[SourceQuality "1"]

1. Nf3 Nf6 2. d4 e6 3. g3 b5 4. Bg2 c5 5. 0-0 Bb7 6. c3 Be7 7. a4 b4 8. cxb4 cxb4 9. Nbd2 a5 10. Nc4 d6 11. b3 Nbd7 12. Bb2 Nb6 13. Rc1 0-0 14. e3 Nxc4 15. Rxc4 Rc8 16. Rxc8 Qxc8 17. Qd2 Qd7 18. Rc1 Rc8 19. Ne1 Ne4 20. Rxc8+ Qxc8 21. Qc1 Nc3 22. Bxc3 Bxg2 23. Bd2 Qxc1 24. Bxc1 Bd5 0-1

[Event "Titled Tuesday intern op 25th Feb Early"]
[Site "Chess.com INT"]
[Date "2025.02.25"]
[Round "5"]
[White "Gorbenko, Rustem"]
[Black "Nikulina, Alena"]
[Result "1-0"]
[WhiteElo "2235"]
[BlackElo "1875"]
[PlyCount "151"]
[EventDate "2025.02.25"]
[EventType "swiss (blitz)"]
[EventRounds "11"]
[EventCountry "USA"]
[SourceTitle "CB10_2025"]
[SourceDate "2025.03.05"]
[SourceVersion "1"]
[SourceVersionDate "2025.03.05"]
[SourceQuality "1"]

1. d4 d5 2. c4 dxc4 3. Nf3 a6 4. e4 b5 5. a4 Bb7 6. d5 Nf6 7. axb5 axb5 8. Rxa8 Bxa8 9. Nc3 c6 10. Bg5 b4 11. Bxf6 exf6 12. Nb1 cxd5 13. exd5 Qxd5 14. Nbd2 c3 15. bxc3 bxc3 16. Nc4 Bb4 17. Qc2 0-0 18. Be2 Nc6 19. 0-0 Nd4 20. Qd3 Nxe2+ 21. Qxe2 Bb7 22. Ne3 Qa5 23. Rc1 Re8 24. Qd3 Be4 25. Qc4 h6 26. Ne1 Bb7 27. N1c2 Bf8 28. Nd4 Rc8 29. Qd3 Bb4 30. Ndf5 Qe5 31. Rc2 Qe4 32. Qxe4 Bxe4 33. Rc1 c2 34. f3 Bd3 35. Kf2 Bd2 36. Rxc2 Bxc2 37. Ne7+ Kf8 38. Nxc8 Bxe3+ 39. Kxe3 Ba4 40. Nd6 Ke7 41. Nf5+ Kf8 42. g3 Bd7 43. Nd6 Ke7 44. Ne4 g6 45. f4 f5 46. Nc5 Be6 47. Nd3 Kd6 48. Ne5 Bc8 49. Kd4 Ba6 50. Nxf7+ Ke6 51. Ne5 Kf6 52. Nd7+ Ke7 53. Nc5 Bf1 54. Ke5 Kf7 55. Ne6 Bd3 56. Nd8+ Kg7 57. Ke6 Be4 58. Ke7 g5 59. Ne6+ Kg6 60. Kd6 Bf3 61. Ke5 Be4 62. Nd4 Bb1 63. Nb5 g4 64. Nd6 Bc2 65. Nc8 Bb1 66. Ne7+ Kf7 67. Nxf5 h5 68. Nh4 Kg7 69. Nf5+ Kf7 70. Ne3 Kg7 71. f5 Ba2 72. Kf4 Kh6 73. Nd1 Bb3 74. Nf2 Ba2 75. Ne4 Kg7 76. Kg5 1-0

[Event "Titled Tuesday intern op 25th Feb Early"]
[Site "Chess.com INT"]
[Date "2025.02.25"]
[Round "6"]
[White "Villa, Ma Elayza"]
[Black "Gorbenko, Rustem"]
[Result "0-1"]
[WhiteElo "1819"]
[BlackElo "2235"]
[PlyCount "68"]
[EventDate "2025.02.25"]
[EventType "swiss (blitz)"]
[EventRounds "11"]
[EventCountry "USA"]
[SourceTitle "CB10_2025"]
[SourceDate "2025.03.05"]
[SourceVersion "1"]
[SourceVersionDate "2025.03.05"]
[SourceQuality "1"]

1. d4 e6 2. Bf4 Nf6 3. e3 d5 4. Nf3 c5 5. c3 Nc6 6. Nbd2 Bd6 7. Bg3 0-0 8. Bb5 Qc7 9. dxc5 Bxg3 10. hxg3 Bd7 11. Bd3 h6 12. Nd4 e5 13. Nxc6 Bxc6 14. g4 d4 15. g5 hxg5 16. cxd4 exd4 17. Bh7+ Kh8 18. e4 Rfe8 19. Qf3 Nxh7 20. Qf5 Bxe4 21. Nxe4 g6 22. Kf1 gxf5 23. Nf6 Kg7 24. Nxh7 Rh8 25. Kg1 Rxh7 26. Re1 Rxh1+ 27. Kxh1 Qxc5 28. Kg1 Rd8 29. g3 d3 30. Kg2 d2 31. Rd1 Qc2 32. g4 Qxd1 33. gxf5 Qe1 34. f6+ Kxf6 0-1

[Event "Titled Tuesday intern op 04th Feb Late"]
[Site "Chess.com INT"]
[Date "2025.02.04"]
[Round "3"]
[White "Gorbenko, Rustem"]
[Black "Di Berardino, Diego Rafael"]
[Result "0-1"]
[WhiteElo "2235"]
[BlackElo "2457"]
[PlyCount "112"]
[EventDate "2025.02.04"]
[EventType "swiss (blitz)"]
[EventRounds "11"]
[EventCountry "USA"]
[SourceTitle "CB07_2025"]
[SourceDate "2025.02.12"]
[SourceVersion "1"]
[SourceVersionDate "2025.02.12"]
[SourceQuality "1"]

1. d4 Nf6 2. c4 g6 3. Nf3 Bg7 4. Nc3 0-0 5. e4 d6 6. Be2 e5 7. 0-0 Nc6 8. d5 Ne7 9. b4 a5 10. Ba3 axb4 11. Bxb4 b6 12. a4 Ne8 13. a5 c5 14. dxc6 Nxc6 15. Nd5 Nxb4 16. Nxb4 bxa5 17. Nd5 Be6 18. Qd2 Nf6 19. Nxf6+ Bxf6 20. Rfd1 Be7 21. Ne1 Qc7 22. Nc2 Bxc4 23. Ne3 Be6 24. Rdc1 Qa7 25. Bc4 Bxc4 26. Rxc4 Bg5 27. Rca4 Bxe3 28. Qxe3 Qxe3 29. fxe3 Rfc8 30. Rxa5 Rxa5 31. Rxa5 Rc4 32. Rd5 Rxe4 33. Kf2 Ra4 34. Rxd6 Kg7 35. h4 Rxh4 36. Kf3 Ra4 37. Rb6 h5 38. g3 g5 39. Rb5 f6 40. Rb7+ Kg6 41. Rb8 g4+ 42. Kf2 Ra2+ 43. Kf1 Kf5 44. Rh8 Ke4 45. Rxh5 Kxe3 46. Rf5 Ra6 47. Kg2 e4 48. Rf4 Ra2+ 49. Kg1 Kd3 50. Rxf6 e3 51. Re6 Ra1+ 52. Kg2 e2 53. Kf2 Rf1+ 54. Kg2 e1Q 55. Rd6+ Kc4 56. Rc6+ Kd5 0-1

[Event "Titled Tuesday intern op 21st Jan Late"]
[Site "Chess.com INT"]
[Date "2025.01.21"]
[Round "8"]
[White "Gorbenko, Rustem"]
[Black "Garcia, Angie"]
[Result "1-0"]
[WhiteElo "2221"]
[BlackElo "1951"]
[PlyCount "41"]
[EventDate "2025.01.21"]
[EventType "swiss (blitz)"]
[EventRounds "11"]
[EventCountry "USA"]
[SourceTitle "CB05_2025"]
[SourceDate "2025.01.29"]
[SourceVersion "1"]
[SourceVersionDate "2025.01.29"]
[SourceQuality "1"]

1. d4 Nf6 2. c4 g6 3. Nc3 d5 4. cxd5 Nxd5 5. e4 Nxc3 6. bxc3 Bg7 7. Nf3 c5 8. Rb1 0-0 9. Be2 cxd4 10. cxd4 Qa5+ 11. Bd2 Qxa2 12. 0-0 Bg4 13. Bg5 Nc6 14. d5 Ne5 15. Rxb7 Bxf3 16. gxf3 Rfe8 17. Bxe7 Rac8 18. d6 Qe6 19. f4 Nd7 20. e5 Nc5 21. Bg4 1-0

[Event "Titled Tuesday intern op 21st Jan Late"]
[Site "Chess.com INT"]
[Date "2025.01.21"]
[Round "2"]
[White "Niemann, Hans Moke"]
[Black "Gorbenko, Rustem"]
[Result "1/2-1/2"]
[WhiteElo "2734"]
[BlackElo "2221"]
[PlyCount "202"]
[EventDate "2025.01.21"]
[EventType "swiss (blitz)"]
[EventRounds "11"]
[EventCountry "USA"]
[SourceTitle "CB05_2025"]
[SourceDate "2025.01.29"]
[SourceVersion "1"]
[SourceVersionDate "2025.01.29"]
[SourceQuality "1"]

1. e4 e6 2. d4 d5 3. e5 c5 4. c3 Nc6 5. Nf3 Qb6 6. g3 f5 7. exf6 Nxf6 8. Bg2 cxd4 9. cxd4 Bd6 10. 0-0 0-0 11. Nc3 Bd7 12. Re1 Rae8 13. a3 Kh8 14. b4 e5 15. dxe5 Nxe5 16. Be3 Qd8 17. Nxe5 Bxe5 18. Bd4 Bg4 19. f3 Bxd4+ 20. Qxd4 Be6 21. f4 a6 22. Rad1 Bg8 23. Re5 Ng4 24. Rg5 Nf6 25. Bxd5 Bxd5 26. Nxd5 h6 27. Re5 Ng4 28. Rxe8 Rxe8 29. h3 Ne3 30. Nxe3 Qxd4 31. Rxd4 Rxe3 32. Kf2 Rxa3 33. f5 a5 34. Rd8+ Kh7 35. Rd7 Kg8 36. b5 b6 37. Rb7 Rb3 38. Rxb6 a4 39. Rb7 a3 40. Ra7 Rxb5 41. g4 Rb3 42. Kg2 Rc3 43. h4 Rb3 44. Kf2 Kf8 45. Kg2 Rc3 46. Ra5 Rb3 47. g5 hxg5 48. hxg5 Kf7 49. Ra7+ Kf8 50. Ra5 Kf7 51. Kf2 Kf8 52. Ra8+ Kf7 53. Ra5 Kf8 54. Ke2 Kf7 55. Ra7+ Kf8 56. Ra4 Rb5 57. Kf3 Rxf5+ 58. Kg4 Rb5 59. Rxa3 Rb7 60. Kf5 Kf7 61. g6+ Ke7 62. Re3+ Kf8 63. Re5 Rb8 64. Rc5 Ra8 65. Ke6 Kg8 66. Ke7 Ra7+ 67. Ke6 Ra8 68. Rd5 Ra6+ 69. Kf5 Ra8 70. Kg5 Rc8 71. Rd7 Ra8 72. Kf4 Rb8 73. Ke5 Ra8 74. Ke6 Rb8 75. Ke7 Ra8 76. Rd6 Ra7+ 77. Ke8 Ra8+ 78. Ke7 Rb8 79. Kd7 Ra8 80. Re6 Ra7+ 81. Kc8 Ra8+ 82. Kb7 Rd8 83. Re5 Rf8 84. Kc7 Ra8 85. Re4 Rf8 86. Kd7 Ra8 87. Rc4 Ra7+ 88. Kc8 Ra8+ 89. Kc7 Rf8 90. Rd4 Ra8 91. Rb4 Rf8 92. Ra4 Re8 93. Rd4 Ra8 94. Rd6 Rf8 95. Kd7 Ra8 96. Ke6 Rf8 97. Ke7 Ra8 98. Rd5 Ra7+ 99. Kd6 Ra8 100. Kc7 Rf8 101. Rd4 Ra8 1/2-1/2

[Event "Titled Tuesday intern op 21st Jan Late"]
[Site "Chess.com INT"]
[Date "2025.01.21"]
[Round "4"]
[White "Zenker, Ulrich"]
[Black "Gorbenko, Rustem"]
[Result "1-0"]
[WhiteElo "2089"]
[BlackElo "2221"]
[PlyCount "37"]
[EventDate "2025.01.21"]
[EventType "swiss (blitz)"]
[EventRounds "11"]
[EventCountry "USA"]
[SourceTitle "CB05_2025"]
[SourceDate "2025.01.29"]
[SourceVersion "1"]
[SourceVersionDate "2025.01.29"]
[SourceQuality "1"]

1. e4 c5 2. Nf3 e6 3. d4 cxd4 4. Nxd4 Nc6 5. Nc3 Qc7 6. Be3 a6 7. g4 b5 8. Nxc6 Qxc6 9. Qd2 b4 10. Ne2 Qxe4 11. Rg1 d5 12. Bg2 Qg6 13. 0-0-0 Nf6 14. Nf4 Qxg4 15. Bxd5 exd5 16. Rxg4 Bxg4 17. Nxd5 Rc8 18. Nc7+ Rxc7 19. Qd8# 1-0

[Event "Titled Tuesday intern op 26th Nov Late"]
[Site "Chess.com INT"]
[Date "2024.11.26"]
[Round "11"]
[White "Gorbenko, Rustem"]
[Black "Flores Mirabal, Nancy"]
[Result "1-0"]
[WhiteElo "2209"]
[BlackElo "1983"]
[PlyCount "97"]
[EventDate "2024.11.26"]
[EventType "swiss (blitz)"]
[EventRounds "11"]
[EventCountry "USA"]
[SourceTitle "CB49_2024"]
[SourceDate "2024.12.04"]
[SourceVersion "1"]
[SourceVersionDate "2024.12.04"]
[SourceQuality "1"]

1. d4 c5 2. d5 e6 3. e4 exd5 4. exd5 Nf6 5. Nc3 d6 6. Nf3 Be7 7. Bb5+ Bd7 8. a4 0-0 9. 0-0 a6 10. Be2 Bf5 11. Nd2 Nbd7 12. Nc4 Rb8 13. a5 Ne5 14. Ne3 Bg6 15. f4 Ned7 16. f5 Ne5 17. fxg6 Nxg6 18. Nf5 Re8 19. Bg5 h6 20. Nxe7+ Qxe7 21. Bxf6 gxf6 22. Bh5 Qe3+ 23. Kh1 Ne5 24. Rxf6 Qg5 25. Ne4 Qh4 26. Qe1 Qxh5 27. Nxd6 Ng4 28. Qg3 Re3 29. Rf3 Qg6 30. Nf5 Rxf3 31. gxf3 Qxf5 32. Qxb8+ Kh7 33. fxg4 Qxd5+ 34. Kg1 Qd4+ 35. Kg2 Qe4+ 36. Kh3 Qxc2 37. Rf1 Qd3+ 38. Kg2 Qe4+ 39. Rf3 Qe2+ 40. Kg3 Qe1+ 41. Rf2 Qe3+ 42. Kg2 Qe4+ 43. Kh3 Qe3+ 44. Qg3 Qe6 45. Qf3 Kg7 46. Qc3+ Kh7 47. Qf6 Qe3+ 48. Rf3 Qg5 49. Qxf7+ 1-0

[Event "Titled Tuesday intern op 26th Nov Late"]
[Site "Chess.com INT"]
[Date "2024.11.26"]
[Round "1"]
[White "Gorbenko, Rustem"]
[Black "Naroditsky, Daniel"]
[Result "0-1"]
[WhiteElo "2209"]
[BlackElo "2619"]
[PlyCount "74"]
[EventDate "2024.11.26"]
[EventType "swiss (blitz)"]
[EventRounds "11"]
[EventCountry "USA"]
[SourceTitle "CB49_2024"]
[SourceDate "2024.12.04"]
[SourceVersion "1"]
[SourceVersionDate "2024.12.04"]
[SourceQuality "1"]

1. d4 Nf6 2. c4 g6 3. Nc3 Bg7 4. Nf3 d6 5. e4 0-0 6. Be2 Na6 7. 0-0 e5 8. Bg5 h6 9. Be3 Qe7 10. dxe5 dxe5 11. Qd2 Ng4 12. Rfd1 Nxe3 13. Qxe3 c6 14. Rd2 Nc7 15. Rad1 Ne6 16. g3 Nd4 17. Nxd4 exd4 18. Rxd4 Bxd4 19. Rxd4 Be6 20. Qxh6 Rad8 21. Rxd8 Rxd8 22. e5 Bf5 23. Qf4 Re8 24. g4 Bc8 25. Ne4 Kg7 26. Nd6 Rh8 27. g5 Be6 28. a3 b6 29. b4 c5 30. bxc5 bxc5 31. Qe3 Rh4 32. f4 Qd8 33. Qxc5 Rxf4 34. Kh1 Qa8+ 35. Kg1 Bh3 36. Qd5 Qb8 37. Bf1 Rxf1# 0-1

[Event "Titled Tuesday intern op 26th Nov Late"]
[Site "Chess.com INT"]
[Date "2024.11.26"]
[Round "5"]
[White "Weisz, Bryan"]
[Black "Gorbenko, Rustem"]
[Result "1-0"]
[WhiteElo "2069"]
[BlackElo "2209"]
[PlyCount "87"]
[EventDate "2024.11.26"]
[EventType "swiss (blitz)"]
[EventRounds "11"]
[EventCountry "USA"]
[SourceTitle "CB49_2024"]
[SourceDate "2024.12.04"]
[SourceVersion "1"]
[SourceVersionDate "2024.12.04"]
[SourceQuality "1"]

1. e4 e6 2. Nf3 d5 3. Nc3 Nf6 4. e5 Nfd7 5. d4 c5 6. Bg5 Qb6 7. dxc5 Bxc5 8. Qd2 Qxb2 9. Rb1 Qa3 10. Nb5 Qxa2 11. Nc7+ Kf8 12. Rd1 Nc6 13. Nxa8 Qa3 14. Qd3 Qa5+ 15. Bd2 Qd8 16. Qb5 a6 17. Qa4 b5 18. Bxb5 axb5 19. Qxb5 Nd4 20. Nxd4 Bxd4 21. Bb4+ Kg8 22. Rxd4 Nxe5 23. Ba5 Qf8 24. 0-0 h5 25. Nb6 Bb7 26. Nd7 Bc6 27. Nxf8 Bxb5 28. Rb1 Nc6 29. Rxb5 Nxd4 30. Rb8 Rh6 31. Nxe6+ Kh7 32. Nxd4 Ra6 33. Rb5 Rd6 34. Kf1 g6 35. Ke2 Kg7 36. Kd3 Rd8 37. Nf3 Rc8 38. Rxd5 Ra8 39. Bc3+ Kh6 40. h4 Ra6 41. Ng5 Ra7 42. Rd8 Rd7+ 43. Rxd7 f6 44. Rh7# 1-0

[Event "Titled Tuesday intern op 24th Sep Late"]
[Site "Chess.com INT"]
[Date "2024.09.24"]
[Round "6"]
[White "Dovzik, Juri"]
[Black "Gorbenko, Rustem"]
[Result "0-1"]
[WhiteElo "2186"]
[BlackElo "2200"]
[PlyCount "74"]
[EventDate "2024.09.24"]
[EventType "swiss (blitz)"]
[EventRounds "11"]
[EventCountry "USA"]
[SourceTitle "EXT 2025"]
[Source "ChessBase"]
[SourceDate "2024.10.14"]
[SourceVersion "1"]
[SourceVersionDate "2024.10.14"]
[SourceQuality "1"]

1. b3 e5 2. Bb2 Nc6 3. e3 Nf6 4. Bb5 Bd6 5. Nf3 Qe7 6. 0-0 0-0 7. d4 e4 8. Nfd2 a6 9. Be2 Nb8 10. c4 c6 11. c5 Bc7 12. Nc4 Re8 13. a4 d5 14. cxd6 Bxd6 15. Nxd6 Qxd6 16. Nd2 Be6 17. Nc4 Qc7 18. a5 Nbd7 19. b4 Bxc4 20. Bxc4 Nd5 21. Bxd5 cxd5 22. Rc1 Qd6 23. Qb3 Rec8 24. b5 Nf6 25. h3 h5 26. Ba3 Qd7 27. b6 Rxc1 28. Rxc1 Rc8 29. Rxc8+ Qxc8 30. Qb4 Kh7 31. Qe7 Kg6 32. Qc7 Qd7 33. Bd6 Kf5 34. Be5 Ke6 35. Qb8 Ne8 36. Bc7 f6 37. Qxb7 Nd6 0-1

[Event "Titled Tuesday intern op 17th Sep Late"]
[Site "Chess,com INT"]
[Date "2024.09.17"]
[Round "9"]
[White "Gorbenko, Rustem"]
[Black "Belov, Alexei"]
[Result "1-0"]
[WhiteElo "2200"]
[BlackElo "2421"]
[PlyCount "59"]
[EventDate "2024.09.17"]
[EventType "swiss (blitz)"]
[EventRounds "11"]
[EventCountry "USA"]
[SourceTitle "EXT 2025"]
[Source "ChessBase"]
[SourceDate "2024.10.14"]
[SourceVersion "1"]
[SourceVersionDate "2024.10.14"]
[SourceQuality "1"]

1. d4 d5 2. c4 e6 3. Nf3 Nf6 4. Nc3 Be7 5. Bf4 0-0 6. e3 Nbd7 7. h3 a6 8. c5 c6 9. Bd3 b6 10. b4 a5 11. a3 Ba6 12. Bxa6 Rxa6 13. b5 cxb5 14. c6 Qc8 15. c7 b4 16. Nb5 bxa3 17. Qc2 Bb4+ 18. Ke2 Ne4 19. Rhc1 a4 20. Qc6 Ra5 21. Ng5 Nd2 22. Bd6 Rxb5 23. Bxf8 Bxf8 24. Qxb5 Nb3 25. Rab1 a2 26. Rxb3 axb3 27. Qxb3 Qa6+ 28. Qd3 a1Q 29. Rxa1 Qxa1 30. c8Q 1-0

[Event "Titled Tuesday intern op 17th Sep Late"]
[Site "Chess,com INT"]
[Date "2024.09.17"]
[Round "3"]
[White "Gorbenko, Rustem"]
[Black "Hambleton, Aman"]
[Result "0-1"]
[WhiteElo "2200"]
[BlackElo "2420"]
[PlyCount "80"]
[EventDate "2024.09.17"]
[EventType "swiss (blitz)"]
[EventRounds "11"]
[EventCountry "USA"]
[SourceTitle "EXT 2025"]
[Source "ChessBase"]
[SourceDate "2024.10.14"]
[SourceVersion "1"]
[SourceVersionDate "2024.10.14"]
[SourceQuality "1"]

1. d4 Nf6 2. c4 e6 3. Nf3 b6 4. a3 Bb7 5. Nc3 g6 6. Bg5 h6 7. Bh4 d6 8. Qc2 g5 9. Bg3 Nh5 10. e4 Bg7 11. 0-0-0 Nd7 12. Be2 Qe7 13. Kb1 a6 14. Rhe1 Nxg3 15. hxg3 g4 16. Nh4 h5 17. f3 gxf3 18. Bxf3 0-0-0 19. e5 dxe5 20. Bxb7+ Kxb7 21. d5 Nc5 22. dxe6 Qxe6 23. Nf5 Bf6 24. Nd5 Bg5 25. b4 Nd7 26. Qe4 Kb8 27. Nfe3 Bxe3 28. Rxe3 f5 29. Qc2 e4 30. Rf1 Ne5 31. Rc3 Nd3 32. Ne3 Rhf8 33. c5 b5 34. c6 Rd6 35. Rc5 Nxc5 36. Qxc5 Qb3+ 37. Kc1 Qxa3+ 38. Kb1 Qb3+ 39. Ka1 Rfd8 40. Rb1 Qa3# 0-1

[Event "Titled Tuesday intern op 17th Sep Late"]
[Site "Chess,com INT"]
[Date "2024.09.17"]
[Round "11"]
[White "Pham, Le Thao Nguyen"]
[Black "Gorbenko, Rustem"]
[Result "1-0"]
[WhiteElo "2380"]
[BlackElo "2200"]
[PlyCount "165"]
[EventDate "2024.09.17"]
[EventType "swiss (blitz)"]
[EventRounds "11"]
[EventCountry "USA"]
[SourceTitle "EXT 2025"]
[Source "ChessBase"]
[SourceDate "2024.10.14"]
[SourceVersion "1"]
[SourceVersionDate "2024.10.14"]
[SourceQuality "1"]

1. d4 Nf6 2. Nf3 e6 3. Bf4 d5 4. e3 Bd6 5. Bg3 c5 6. Bb5+ Nc6 7. c3 0-0 8. Nbd2 Qe7 9. Ne5 Bd7 10. Bd3 cxd4 11. exd4 Rfd8 12. f4 Ne4 13. Nxe4 dxe4 14. Bxe4 f6 15. Nxd7 Rxd7 16. 0-0 f5 17. Bc2 Qf6 18. Qe2 Re8 19. Rae1 a6 20. Kh1 Rde7 21. Qf2 Qh6 22. Bh4 Rd7 23. Re3 Ne7 24. Rh3 Nd5 25. Bg5 Qg6 26. Bd1 Qf7 27. Bh5 g6 28. Bd1 b5 29. Bb3 Rc8 30. Re1 a5 31. a3 a4 32. Ba2 Bf8 33. Rd3 Rc6 34. Rd2 Bg7 35. Rde2 Rdd6 36. Qf3 h6 37. Bh4 Kh7 38. h3 Nb6 39. Bf2 Nd5 40. Kh2 Qc7 41. h4 Rd7 42. g3 Rdd6 43. h5 Qf7 44. hxg6+ Qxg6 45. Rg1 h5 46. Kg2 Qg4 47. Rh1 Kg6 48. Ree1 Rd8 49. Rh4 Qxf3+ 50. Kxf3 Bf6 51. Rh3 Be7 52. Reh1 Nf6 53. Be1 Rh8 54. Bf2 Rh7 55. d5 exd5 56. Bd4 Ne4 57. Bxd5 Rc8 58. Bxe4 fxe4+ 59. Kxe4 Re8 60. f5+ Kg5 61. Be3+ Kg4 62. Bf4 Bd6+ 63. Kd5 Bxf4 64. gxf4 Kxf4 65. f6 Kg5 66. f7 Rf8 67. Rf3 Rhxf7 68. Rg1+ Kh6 69. Rxf7 Rxf7 70. Kc6 Rf2 71. Kxb5 Rxb2+ 72. Kxa4 h4 73. c4 h3 74. Rh1 h2 75. c5 Kg5 76. c6 Kg4 77. c7 Rc2 78. Rxh2 Rxc7 79. Kb5 Kf5 80. a4 Rc1 81. a5 Ke6 82. Rd2 Rb1+ 83. Ka6 1-0

[Event "Titled Tuesday intern op 17th Sep Late"]
[Site "Chess,com INT"]
[Date "2024.09.17"]
[Round "8"]
[White "Przybylski, Wojciech"]
[Black "Gorbenko, Rustem"]
[Result "0-1"]
[WhiteElo "2308"]
[BlackElo "2200"]
[PlyCount "136"]
[EventDate "2024.09.17"]
[EventType "swiss (blitz)"]
[EventRounds "11"]
[EventCountry "USA"]
[SourceTitle "EXT 2025"]
[Source "ChessBase"]
[SourceDate "2024.10.14"]
[SourceVersion "1"]
[SourceVersionDate "2024.10.14"]
[SourceQuality "1"]

1. d4 Nf6 2. c4 e6 3. Nf3 b6 4. Nc3 Bb7 5. g3 Bb4 6. Bg2 0-0 7. 0-0 Bxc3 8. bxc3 d5 9. Qb3 Nbd7 10. Bf4 c5 11. cxd5 Nxd5 12. Bg5 Qc7 13. e4 N5f6 14. e5 Ne4 15. Be3 cxd4 16. cxd4 Bd5 17. Qb2 Qc3 18. Qxc3 Nxc3 19. a3 Rac8 20. Rfe1 Rc7 21. Bg5 Nb8 22. h4 Rfc8 23. h5 h6 24. Be3 Nc6 25. Nd2 Na5 26. Bf1 Ne4 27. Nxe4 Bxe4 28. Ba6 Bb7 29. Bd3 Rc3 30. Be2 Rc2 31. Bd1 R2c7 32. g4 Nc4 33. Be2 Nxe3 34. fxe3 Rc2 35. a4 R8c3 36. Bf1 Rb3 37. Rec1 Rbc3 38. Rxc2 Rxc2 39. a5 g5 40. axb6 axb6 41. Rb1 Bf3 42. Bh3 Re2 43. Rxb6 Rxe3 44. Kf2 Ra3 45. Rb8+ Kg7 46. Kg1 Bd1 47. Kh2 Rd3 48. Rd8 Rd2+ 49. Kg3 Rd3+ 50. Kh2 Bb3 51. Rd6 Bd5 52. Bf1 Rxd4 53. Be2 Rd2 54. Kg3 Rxe2 55. Rd7 Rxe5 56. Ra7 Re4 57. Ra5 Rf4 58. Ra7 Bf3 59. Ra3 Bxg4 60. Ra7 Bxh5 61. Ra5 Bg6 62. Ra6 h5 63. Ra7 h4+ 64. Kh2 Kf6 65. Ra5 Bf5 66. Ra8 g4 67. Rh8 g3+ 68. Kg1 h3 0-1